Brazilian market for paper and paper products.

Bibliographic Details
Other Authors: Bevan, Thomas H., Cameron, Charles R., Cremer, Marcellus Adolph, 1896-, Schurz, William Lytle, 1886-1962
Format: Government Document eBook
Language:English
Published: [Washington?] : U.S. Government Printing Office, 1923.
Series:Trade Info. Bull. No. 127
Subjects:
Online Access:Connect to the full text of this electronic document

MARC

Tag First Indicator Second Indicator Subfields
LEADER 00000cam a22000001a 4500
001 in00003663571
005 20190408175034.0
006 m o d f
007 cr bn mmmapmmp
008 040714s1923 dcu o f000 0 eng d
035 |a ebd1910205121 
040 |a UMI  |c UMI  |d UtOrBLW 
086 0 |a C 18.25:127 
099 |a C18.25-127 
245 0 0 |a Brazilian market for paper and paper products. 
264 1 |a [Washington?] :  |b U.S. Government Printing Office,  |c 1923. 
300 |a 1 online resource (ii, 14 pages) 
336 |a text  |b txt  |2 rdacontent 
337 |a computer  |b c  |2 rdamedia 
338 |a online resource  |b cr  |2 rdacarrier 
490 0 |a Trade Info. Bull. No. 127 
500 |a [On opportunities for U.S. exporters; with data on imports, by product and country of origin] 
500 |a Record is based on bibliographic data in ProQuest U.S. Executive Branch Documents, 1910-1932. Reuse except for individual research requires license from ProQuest, LLC. 
533 |a Electronic reproduction.  |b [Bethesda, Md.] :  |c ProQuest,  |d 2012.  |e digital, PDF file.  |n ProQuest U.S. Executive Branch Documents, 1910-1932.  |n Mode of access: World Wide Web via ProQuest website. 
538 |a System requirements: PDF reader software. 
500 |a Electronic resource. 
650 0 |a Paper.  |0 http://id.loc.gov/authorities/names/n87882357 
655 7 |a Electronic books.  |2 local 
700 1 |a Bevan, Thomas H. 
700 1 |a Cameron, Charles R. 
700 1 |a Cremer, Marcellus Adolph,  |d 1896- 
700 1 |a Schurz, William Lytle,  |d 1886-1962.  |0 http://id.loc.gov/authorities/names/no97009383 
776 1 8 |i Microfiche version:  |t Brazilian market for paper and paper products  |o CIS US Exec MF C18.25-127  |w (ProQuest)cis19124717 
856 4 0 |u http://proxy.library.tamu.edu/login?url=http://congressional.proquest.com/congressional/docview/t66.d71.c18.25-127  |z Connect to the full text of this electronic document  |t 0 
999 f f |s 681f9e81-5070-3152-a190-760d4aedc41f  |i 418e19be-0c3e-304c-9093-67b3493a97d1  |t 0 
952 f f |a Texas A&M University  |b College Station  |c Electronic Resources  |d Available Online  |t 0  |h No information provided 
998 f f |t 0  |l Available Online